000 01505cam a2200205 4500500
005 20260329002944.0
041 _afre
042 _adc
100 1 0 _aDaubanes, Julien
_eauthor
700 1 0 _aBerlinschi, Ruxanda
_eauthor
245 0 0 _aTaking with One Hand and Giving with the Other: Oil Product Taxation and International Aid
260 _c2009.
500 _a57
520 _aTo study transfers between oil-consuming developed countries and oil-producing developing countries, we use a dynamic decentralized general-equilibrium model (GEM) with two countries: a rich, altruistic, and resource-poor country (North)and a poor, resource-rich country (South), where resource-owners live alongside impoverished workers. On the one hand,North’s taxation of resource use extracts a portion of South’s mining rents in a distorting manner. On the other hand, North distributes foreign aid to improve the situation of South’s poor. The coexistence of these transfers in opposite directions illustrates the interference between North’s tax and international-aid policies. We analyze the interference and suggest a contractual solution based on coordination between the two sets of policies.
690 _ainternational aid
690 _anon-renewable resources
690 _ataxation
786 0 _nEconomie & prévision | o 190-191 | 4 | 2009-12-28 | p. 21-37 | 0249-4744
856 4 1 _uhttps://shs.cairn.info/journal-economie-et-prevision-1-2009-4-page-21?lang=en&redirect-ssocas=7080
999 _c1819973
_d1819973